| 000 | 00521nam a2200181Ia 4500 | ||
|---|---|---|---|
| 999 |
_c27234 _d27234 |
||
| 003 | OSt | ||
| 005 | 20201215161930.0 | ||
| 008 | 190216s9999||||xx |||||||||||||| ||und|| | ||
| 020 | _a817180442 | ||
| 040 | _coclc | ||
| 082 |
_a894.8124 _bPRA/T |
||
| 100 |
_aPrabhakaravarier, K M _97153 |
||
| 245 | 0 |
_aThelivum Velivum / _c K M Prabhakaravarier |
|
| 260 |
_bPoorna Publication, _aKozhikode: _c1995. |
||
| 300 | _a156p | ||
| 650 | _aLekhanam | ||
| 942 |
_cBK _2ddc _h894.8124 _iPRA/T _k894.8124 _mPRA/T |
||